Contribution à l'étude biochimique et technologique du "chakpalo" influence de quelques paramètres sur la qualité et l'aptitude à la conservation de cette boisson (Record no. 31153)
[ view plain ]
| 000 -LEADER | |
|---|---|
| fixed length control field | 00744 a2200229 4500 |
| 041 ## - CODE DE LANGUE | |
| Language code of summary or abstract/overprinted title or subtitle | Fr |
| 041 ## - CODE DE LANGUE | |
| Language code of summary or abstract/overprinted title or subtitle | En |
| 100 ## - VEDETTE PRINCIPALE - NOM DE PERSONNE | |
| Personal name | Atégbo, Alain Eric Dona |
| 130 ## - VEDETTE PRINCIPALE - TITRE UNIFORME | |
| Language of a work | Fr |
| 245 ## - TITLE STATEMENT | |
| Title | Contribution à l'étude biochimique et technologique du "chakpalo" influence de quelques paramètres sur la qualité et l'aptitude à la conservation de cette boisson |
| 300 ## - PHYSICAL DESCRIPTION | |
| Extent | XVIII-115 p. |
| 502 ## - DISSERTATION NOTE | |
| Dissertation note | Thèse d'exercice |
| 653 1# - INDEX TERM--UNCONTROLLED | |
| Uncontrolled term | Sciences agronomiques |
| 650 ## - SUBJECT ADDED ENTRY--TOPICAL TERM | |
| Topical term or geographic name as entry element | BIOCHIMIE |
| 650 ## - SUBJECT ADDED ENTRY--TOPICAL TERM | |
| Topical term or geographic name as entry element | TECHNOLOGIE |
| 650 ## - SUBJECT ADDED ENTRY--TOPICAL TERM | |
| Topical term or geographic name as entry element | BOISSON |
| 650 ## - SUBJECT ADDED ENTRY--TOPICAL TERM | |
| Topical term or geographic name as entry element | CONSERVATION |
| 653 #1 - INDEX TERM--UNCONTROLLED | |
| Uncontrolled term | Nutrition et sciences agro-alimentaires |
| 651 ## - SUBJECT ADDED ENTRY--GEOGRAPHIC NAME | |
| Geographic name | BENIN |
| 710 ## - ADDED ENTRY--CORPORATE NAME | |
| Corporate name or jurisdiction name as entry element | Abomey-Calavi, Université nationale du Bénin, Faculté des Sciences Agronomiques, BJ |
| Withdrawn status | Lost status | Damaged status | Not for loan | Location (home branch) | Sublocation or collection (holding branch) | Date acquired | Koha issues (times borrowed) | Koha full call number | Koha date last seen | Copy number | Price effective from | Koha item type | Public note |
|---|---|---|---|---|---|---|---|---|---|---|---|---|---|
| Bibliothèque-Centre de Documentation de la Faculté des Sciences Agronomiques | Bibliothèque-Centre de Documentation de la Faculté des Sciences Agronomiques | BU T.NSA 009 1985 | 28/02/2009 | 04 | 28/02/2009 | Livre | A.4092 |